1045 1459 1409 1896 1935 1621 1396 1278 1501 1178 1565 1885 1859 1842 1847 1113 1969 1829 1644 1579 1245 1627 1481 1569 1603 1052 1556 1661 1121 1987 1664 1861 1671 1010 1414 1895 1789 1301 1426 1252 1618 1196 1242 1588 1359 1331 1673 1656 1882 1659 1254 1956 1074 1313 1127 1529 1871 1920 1582 1476 1081 1964 1999 1097 1284 1175 1310 1583 1388 1885 1462 1261 1139 1446 1688 1662 1728 1523 1244 1606 1377 1068 1912 1071 1548 1816 1370 1343 1258 1229 1710 1715 1516 1163 1858 1289 1550 1922 1008 BCNSPRNW ULIB Ver.6.0+V

เปลี่ยนเป็นภาษาไทย

Change to English
 แสดงรายละเอียดบรรณานุกรม
  กลับหน้าหลัก

Brief Record : Get Marc (ISO 2709) : E-mail record : QR code < ปิดหน้าต่าง
LEADER : 00000nam 2200000uu 4500
001    13399122493
003     ULIB
008    980224s2538 th a m 000 0 tha d
020    ^a9745880442
099    ^aวพ.WT120^bจ258ป
100 0  ^aจันทร์ฉาย ฉายากุล
245 10 ^aประสิทธิผลของการให้ความรู้เรื่องการฝึกออกกำลังกายและการสนับสนุนจากสมาชิกในครอบครัวในการส่งเสริมการออกกำลังกายเพื่อสุขภาพของผู้สูงอายุชุมชนวัดมะกอก เขตพญาไทและเคหะชุมชนทุ่งสองห้อง เขตดอนเมือง กรุงเทพมหานคร =^bThe effectiveness of exercise education and social support from family members on promotion of exercise in the elderly in Wat Makok Community, Phayathai district, and in Thung Songhong Housing Community, Don Maung district ; Bangkok Metropolis /^cจันทร์ฉาย ฉายากุล
246 31 ^aEffectiveness of exercise education and social support from family members on promotion of exercise in the elderly in Wat Makok Community, Phayathai district, and inThung Songhong Housing Community, Don Maung district ; Bangkok Metropolis
260    ^a^c2538
300    ^aก-ถ, 228 แผ่น :^bภาพประกอบ ;^c30 ซม.
500    ^aSend to Single Search
502    ^aวิทยานิพนธ์ (วท.ม. (สาธารณสุขศาสตร์))--มหาวิทยาลัยมหิดล, 2538
610 24 ^aมหาวิทยาลัยมหิดล^xวิทยานิพนธ์
610 24 ^aมหาวิทยาลัยมหิดล. ^bคณะสาธารณสุขศาสตร์^xวิทยานิพนธ์
650  4 ^aการออกกำลังกาย^xในวัยชรา
650  4 ^aผู้สูงอายุ
650  4 ^aการออกกำลังกาย
650  4 ^aผู้สูงอายุกับการออกกำลังกาย
650  4 ^aพฤติกรรมสุขภาพ^xในวัยชรา
691    ^aวท.ม. (2538)
692    ^aพยาบาลสาธารณสุข (มหาวิทยาลัยมหิดล 2538)
710 2  ^aมหาวิทยาลัยมหิดล
710 2  ^aมหาวิทยาลัยมหิดล. ^bคณะสาธารณสุขศาสตร์
710 22 ^aมหาวิทยาลัยมหิดล.^tวิทยานิพนธ์
710 22 ^aMahidol University.^tThesis
945    ^p0^l0^i023429
999    ^aกมลทิพย์ ธนสารสุธี
รายการนี้ยังไม่มีแท็ก
คุณยังไม่ได้ล็อกอิน คุณสามารถมีกิจกรรมร่วมกับเว็บไซต์ได้ แต่ต้องล็อกอินก่อน ::
  ล็อกอิน

รายการสื่อสารสนเทศ

ลำดับที่ ประเภท เลขเรียก/บาร์โค้ด สถานที่ สถานะ
1. วิทยานิพนธ์
วิทยานิพนธ์
วพ.WT120 จ258ป  
  Barcode: 023429
ห้องสมุดวิทยาเขตสวรรค์ประชารักษ์
► วิทยานิพนธ์
บนชั้น

รายการใกล้เคียง
    หัวเรื่อง [ผู้สูงอายุ]
    หัวเรื่อง [การออกกำลังกาย]

BibComment


ยังไม่เคยถูกคอมเมนท์

คอมเมนท์ทรัพยากรรายการนี้
  คอมเมนท์: ประสิทธิผลของการ..


 Copyright 2026. Bcnsprnw @Library